La condition inhumaine : cinqans dans les camps de concentration soviétiques /

Saved in:
Bibliographic Details
Main Author: Margoline, Jules
Format: Book
Language:French
Russian
Published: Paris : Calmann-Levy, 1949.
Subjects:
LEADER 00824nam a2200241 a 4500
001 c000416797
003 CARM
005 00000000000000.0
008 971029s1949 fr 00000 fre d
019 1 |a 10426222 
035 |a (OCoLC)221407174 
035 |a (vdu).b15900563 
040 |a VDU  |c VDU 
041 0 |a fre  |h rus 
043 |a e-ur--- 
082 0 4 |a 940.531747 
100 1 |a Margoline, Jules. 
245 1 3 |a La condition inhumaine :  |b cinqans dans les camps de concentration soviétiques /  |c Jules Margoline ; traduit par N. Berberova et Mina Journot. 
260 |a Paris :  |b Calmann-Levy,  |c 1949. 
300 |a 452 p. ;  |c 21 cm. 
500 |a Translation of: Puteshestvie v stranu z e-ka (transliterated) 
650 0 |a Convict labor  |z Soviet Union. 
999 f f |i 55f5bfd5-5269-5a0e-aaf2-7af5a084d7ae  |s 022c90f9-3760-5597-a0a9-674625ef5758